00434nam a22001337a 4500003000400000008004100004082001900045100001600064245013300080260003200213300001000245502001500255650003000270OSt260423b |||||||| |||| 00| 0 eng d a635.6592bG14G aRam, Naresh aGenetic Variability and Correlation Studies for Green Pod Yield and Bio-Chemical Traits in Cowpea (Vigna unguiculata (L.) Walp.) aPusa, SamastipurbRAUc1988 a102P. bMsc.d1988 aVegetables & Floriculture